[Event "Vienna Chess Open 2019"]
[Site "Vienna"]
[Date "2019.08.23"]
[Round "8.7"]
[White "Suta, Andraz"]
[Black "Mesaros, Florian"]
[Result "1-0"]
[WhiteElo "2420"]
[BlackElo "2268"]
[Annotator "NA"]
[PlyCount "95"]
[EventDate "2019.08.17"]
[EventType "swiss"]
[EventCountry "AUT"]
[SourceTitle "playchess.com"]
[Source "ChessBase"]
[SourceQuality "1"]
[TimeControl "40/5400+30:1800+30"]

1. e4 {[%emt 0:00:00]} c5 {[%emt 0:00:00]} 2. Nf3 {[%emt 0:00:00]} d6 {[%emt 0:00:00]} 3. d4 {[%emt 0:00:00]} cxd4 {[%emt 0:00:00]} 4. Nxd4 {[%emt 0:00:00]} Nf6 {[%emt 0:00:00]} 5. Nc3 {[%emt 0:00:10]} a6 {[%emt 0:00:00]} 6. Be3 {[%emt 0:00:14]} e5 {[%emt 0:00:00]} 7. Nb3 {[%emt 0:00:10]} Be6 {[%emt 0:00:01]} 8. f3 {[%emt 0:00:51]} Be7 {[%emt 0:00:06]} 9. Qd2 {[%emt 0:00:04]} Nbd7 {[%emt 0:00:06]} 10. O-O-O {[%emt 0:00:40]} b5 {[%emt 0:00:39]} 11. Nd5 {[%emt 0:36:26]} Bxd5 {[%emt 0:05:30]} 12. exd5 {[%emt 0:00:07]} Nb6 {[%emt 0:00:11]} 13. Bxb6 {[%emt 0:01:13]} Qxb6 {[%emt 0:00:08]} 14. Na5 {[%emt 0:02:17]} O-O {[%emt 0:05:07]} 15. Nc6 {[%emt 0:02:50]} Bd8 {[%emt 0:04:32]} 16. g4 {[%emt 0:02:20]} Qb7 {[%emt 0:04:07]} 17. Bd3 {[%emt 0:01:54]} Bb6 {[%emt 0:05:11]} 18. Be4 {[%emt 0:02:02]} Bc5 {[%emt 0:00:43]} 19. Rde1 {[%emt 0:10:29]} a5 {[%emt 0:10:33]} 20. h4 {[%emt 0:02:25]} a4 {[%emt 0:07:11]} 21. h5 {[%emt 0:07:40]} a3 {[%emt 0:02:08]} 22. b4 {[%emt 0:05:53]} Bb6 {[%emt 0:02:20]} 23. Ref1 {[%emt 0:02:41]} Nd7 {[%emt 0:05:10]} 24. g5 {[%emt 0:00:50]} Nb8 {[%emt 0:03:30]} 25. Bxh7+ {[%emt 0:05:18]} Kxh7 {[%emt 0:03:44]} 26. g6+ {[%emt 0:02:09]} Kg8 {[%emt 0:00:07]} 27. h6 {[%emt 0:03:57]} fxg6 {[%emt 0:00:53]} 28. hxg7 {[%emt 0:08:21]} Qxg7 {[%emt 0:00:12]} 29. Rh6 {[%emt 0:01:50]} e4 {[%emt 0:01:48]} 30. Rxg6 {[%emt 0:00:10]} Ra7 {[%emt 0:06:20]} 31. Rxg7+ {[%emt 0:00:04]} Rxg7 {[%emt 0:00:04]} 32. Nxb8 {[%emt 0:01:00]} e3 {[%emt 0:02:46]} 33. Qh2 {[%emt 0:00:10]} Rxb8 {[%emt 0:01:57]} 34. Rh1 {[%emt 0:01:11]} Re8 {[%emt 0:01:13]} 35. Qxd6 {[%emt 0:00:53]} Bd4 {[%emt 0:03:13]} 36. Qc6 {[%emt 0:00:13]} Bb2+ {[%emt 0:01:23]} 37. Kb1 {[%emt 0:01:16]} Kf7 {[%emt 0:04:17]} 38. c3 {[%emt 0:00:39]} e2 {[%emt 0:01:52]} 39. Qd7+ {[%emt 0:00:07]} Re7 {[%emt 0:00:13]} 40. Qf5+ {[%emt 0:00:04]} Kg8 {[%emt 0:00:07]} 41. Qc8+ {[%emt 0:03:42]} Kf7 {[%emt 0:00:00]} 42. Qf5+ {[%emt 0:00:12]} Kg8 {[%emt 0:00:00]} 43. Re1 {[%emt 0:00:23]} Re3 {[%emt 0:01:32]} 44. d6 {[%emt 0:04:04]} Bxc3 {[%emt 0:01:25]} 45. d7 {[%emt 0:00:21]} Rxd7 {[%emt 0:00:25]} 46. Qxd7 {[%emt 0:00:06]} Bxe1 {[%emt 0:00:06]} 47. Qg4+ {[%emt 0:00:05]} Kh7 {[%emt 0:00:19]} 48. Qh5+ {[%emt 0:00:04]} 1-0

[Event "Vienna Chess Open 2019"]
[Site "Vienna"]
[Date "2019.08.23"]
[Round "8.7"]
[White "Handler, Lukas"]
[Black "Yankelevich, Lev"]
[Result "1/2-1/2"]
[WhiteElo "2411"]
[BlackElo "2480"]
[Annotator "TA"]
[PlyCount "143"]
[EventDate "2019.08.17"]
[EventType "swiss"]
[EventCountry "AUT"]
[SourceTitle "playchess.com"]
[Source "ChessBase"]
[SourceQuality "1"]

{[%evp 11,143,49,41,32,43,43,43,47,45,45,41,33,41,34,50,18,39,-29,-16,-21,-26,-25,19,-43,-37,-64,-76,-115,-101,-102,-99,-137,-104,-178,-81,-86,-79,-140,-122,-163,-112,-151,-122,-114,-91,-125,-95,-112,-118,-109,-10,-29,0,-3,0,0,0,0,0,0,0,0,-68,-17,-12,-31,0,-61,-8,-12,-12,-12,-12,-12,0,0,0,-11,-11,-11,0,0,0,-12,-12,-12,-12,-12,-10,-18,-18,-19,-16,-16,-16,-18,-8,-8,0,-8,-8,-8,-8,-8,0,0,0,-8,0,0,0,0,0,0,0,-31,0,0,0,0,0,1,1,1,8,0,0,0,0,0,0,-8,-8,-8]} 1. d4 Nf6 2. c4 g6 3. Nc3 Bg7 4. e4 d6 5. Be2 O-O 6. Be3 c6 7. h4 {E73: King's Indian: Averbakh Variation without 6...c5} (7. Nf3 e5 8. dxe5 dxe5 9. O-O Qe7 10. h3 Na6 11. Qc2 Nh5 12. Rfd1 Nf4 13. Bf1 Nc5 14. b4 Nce6 15. c5 a5 16. b5 Qf6 17. bxc6 bxc6 18. Rd6 Nxh3+ {1-0 (40) Carlsen,M (2832)-Guseinov,G (2645) chess.com INT 2017}) 7... c5 $146 ({Predecessor:} 7... h5 8. Qd2 e5 9. Rd1 exd4 10. Bxd4 Re8 11. Nf3 Nxe4 12. Nxe4 Rxe4 13. Bxg7 Kxg7 14. Ng5 Re8 {0-1 (74) Sulskis,S (2519)-Onischuk,V (2610) Riga 2017}) 8. d5 h5 9. Nf3 {White is slightly better.} a6 10. a4 Bg4 11. O-O Nbd7 {[%cal Bb8d7,Bd7e5,Be5c4,Bc4b2][%mdl 32]} 12. Qd2 Qa5 13. Kh1 Rfe8 14. Rg1 (14. Rab1 $14) 14... e6 $11 15. dxe6 Bxe6 16. Ng5 Ne5 (16... Ng4 {keeps more tension.} 17. Bxg4 hxg4 18. Qxd6 Ne5 19. Nxe6 Rxe6 20. Qd5 Rd8) 17. Qxd6 (17. Nxe6 $11 Rxe6 18. f3) 17... Bxc4 18. Bxc4 Nxc4 19. Qxc5 Qxc5 20. Bxc5 Nxb2 21. Rab1 Nd7 22. Bb4 (22. Ba3 $17 {is a better defense.} Nc4 23. Rxb7 Nxa3 24. Nd5) 22... a5 (22... Nd3 $19 {is more deadly.} 23. Nd1 f6) 23. Ba3 $17 Nc4 24. Nb5 (24. Rxb7 $142 Nxa3 25. Nd5) 24... f6 25. Nf3 Rxe4 (25... Nxa3 $19 26. Nxa3 Rxe4) 26. Bc1 Nde5 27. Nc3 {[#]} Nxf3 $1 28. gxf3 Rxh4+ 29. Kg2 b6 30. Rd1 Ne5 ({Black should play} 30... Re8 $17 {Strongly threatening ...g5.} 31. Ne4 g5) 31. Ne4 $11 g5 32. Rxb6 g4 33. f4 Nf3 34. Nxf6+ Bxf6 35. Rxf6 Rh2+ 36. Kg3 $1 Rh3+ 37. Kg2 Nh4+ 38. Kg1 $1 Re8 39. Bb2 (39. Be3 $1 $11) 39... Re7 (39... Re1+ $15 40. Rxe1 Nf3+ {[%mdl 64] Double Attack} 41. Kg2 Nxe1+ 42. Kf1 Rh1+ 43. Ke2 Nf3) 40. Be5 Nf3+ 41. Kg2 Rh2+ 42. Kg3 Rh3+ 43. Kg2 Rg7 44. Rh6 {[#] Intending Rd8+ and mate.} Rh2+ 45. Kg3 $1 {Threatens to win with Rd8+.} ({Don't play} 45. Kf1 Rh1+ 46. Ke2 Rxd1 $17) 45... Rh3+ 46. Kg2 {Rd8+ would kill now.} Rh2+ 47. Kg3 $1 {And now Rd8+ would win.} ({But not} 47. Kf1 Rh1+ 48. Ke2 Rxd1 $17) 47... h4+ 48. Rxh4 Rxh4 49. Bxg7 Kxg7 {[%mdl 4096] Endgame KRN-KR} 50. Rd5 Kf6 51. Rxa5 Rh1 {[%cal Rh1g1]} 52. Kxg4 Nd4 53. Ra6+ Kf7 54. f5 Rf1 55. Rd6 Nb3 56. Kg5 Nc5 57. Rc6 Ne4+ 58. Kf4 Nf6 59. f3 Ra1 60. Rc7+ Ke8 {Hoping for ...Nd5+.} 61. Ra7 Nd5+ 62. Ke5 Nb6 63. Ke6 Rxa4 64. Rh7 {[%cal Rh7h8] The position is equal.} Kd8 65. f6 Rf4 66. Rb7 Na4 $1 67. Rd7+ Kc8 $1 68. Rd5 Rxf3 69. f7 {Rf5 is the strong threat.} Nb6 70. Rc5+ Kd8 71. Rf5 Rxf5 72. Kxf5 {Accuracy: White = 64%, Black = 55%.} 1/2-1/2

[Event "Vienna Chess Open 2019"]
[Site "Vienna"]
[Date "2019.08.23"]
[Round "8.7"]
[White "Ruff, Maximilian"]
[Black "Janzelj, Tim"]
[Result "0-1"]
[WhiteElo "2353"]
[BlackElo "2353"]
[Annotator "NA"]
[PlyCount "74"]
[EventDate "2019.08.17"]
[EventType "swiss"]
[EventCountry "AUT"]
[SourceTitle "playchess.com"]
[Source "ChessBase"]
[SourceQuality "1"]
[TimeControl "40/5400+30:1800+30"]

1. c4 {[%emt 0:00:00]} e6 {[%emt 0:00:00]} 2. Nc3 {[%emt 0:00:00]} d5 {[%emt 0:00:00]} 3. d4 {[%emt 0:00:05]} Nf6 {[%emt 0:00:10]} 4. cxd5 {[%emt 0:00:29]} Nxd5 {[%emt 0:00:10]} 5. e4 {[%emt 0:00:19]} Nxc3 {[%emt 0:00:07]} 6. bxc3 {[%emt 0:00:03]} c5 {[%emt 0:00:07]} 7. Nf3 {[%emt 0:00:25]} cxd4 {[%emt 0:00:06]} 8. cxd4 {[%emt 0:00:05]} Bb4+ {[%emt 0:00:05]} 9. Bd2 {[%emt 0:00:06]} Bxd2+ {[%emt 0:00:06]} 10. Qxd2 {[%emt 0:00:04]} O-O {[%emt 0:00:08]} 11. Bc4 {[%emt 0:00:30]} b6 {[%emt 0:01:05]} 12. O-O {[%emt 0:07:24]} Bb7 {[%emt 0:00:07]} 13. Rfe1 {[%emt 0:00:15]} Nd7 {[%emt 0:00:22]} 14. a4 {[%emt 0:00:32]} Rc8 {[%emt 0:10:51]} 15. Bd3 {[%emt 0:00:10]} Qc7 {[%emt 0:05:04]} 16. a5 {[%emt 0:01:08]} Rfd8 {[%emt 0:02:49]} 17. axb6 {[%emt 0:01:56]} axb6 {[%emt 0:00:01]} 18. Ra3 {[%emt 0:00:22]} h6 {[%emt 0:06:14]} 19. h3 {[%emt 0:01:41]} Ra8 {[%emt 0:09:40]} 20. Rc3 {[%emt 0:03:00]} Qb8 {[%emt 0:00:07]} 21. Rec1 {[%emt 0:05:24]} Nf6 {[%emt 0:07:45]} 22. Qe3 {[%emt 0:04:03]} Ra4 {[%emt 0:04:32]} 23. Rc7 {[%emt 0:08:33]} Ra3 {[%emt 0:19:03]} 24. d5 {[%emt 0:45:04]} Ba6 {[%emt 0:15:14]} 25. Bxa6 {[%emt 0:06:25]} Rxe3 {[%emt 0:00:02]} 26. fxe3 {[%emt 0:00:07]} Kh7 {[%emt 0:07:02]} 27. d6 {[%emt 0:01:10]} Rxd6 {[%emt 0:01:49]} 28. e5 {[%emt 0:09:21]} Rd7 {[%emt 0:00:11]} 29. Rc8 {[%emt 0:00:30]} Qa7 {[%emt 0:00:07]} 30. Bb5 {[%emt 0:01:21]} Rd5 {[%emt 0:07:33]} 31. Bc6 {[%emt 0:03:09]} b5 {[%emt 0:03:49]} 32. Kh1 {[%emt 0:01:47]} Ne4 {[%emt 0:00:59]} 33. Bxd5 {[%emt 0:00:11]} exd5 {[%emt 0:00:01]} 34. Nd4 {[%emt 0:00:30]} Qa3 {[%emt 0:00:36]} 35. Nxb5 {[%emt 0:00:29]} Qxe3 {[%emt 0:00:16]} 36. Nd6 {[%emt 0:00:50]} Nf2+ {[%emt 0:00:24]} 37. Kg1 {[%emt 0:00:29]} Nd3+ {[%emt 0:00:07]} 0-1

[Event "Vienna Chess Open 2019"]
[Site "Vienna"]
[Date "2019.08.23"]
[Round "8.8"]
[White "Blohberger, Felix"]
[Black "Halvax, Georg"]
[Result "1/2-1/2"]
[WhiteElo "2467"]
[BlackElo "2403"]
[Annotator "ChessBase"]
[PlyCount "52"]
[EventDate "2019.08.17"]
[EventType "swiss"]
[EventCountry "AUT"]
[SourceTitle "playchess.com"]
[Source "ChessBase"]
[SourceQuality "1"]
[TimeControl "40/5400+30:1800+30"]

1. Nf3 {[%emt 0:00:00]} d5 {[%emt 0:00:00]} 2. g3 {[%emt 0:00:00]} Bg4 {[%emt 0:00:11]} 3. Bg2 {[%emt 0:00:00]} Nf6 {[%emt 0:00:16]} 4. h3 {[%emt 0:02:32]} Bh5 {[%emt 0:00:43]} 5. O-O {[%emt 0:00:27]} e6 {[%emt 0:00:11]} 6. c4 {[%emt 0:00:47]} c6 {[%emt 0:00:18]} 7. d4 {[%emt 0:07:33]} Nbd7 {[%emt 0:01:32]} 8. cxd5 {[%emt 0:00:06]} exd5 {[%emt 0:02:17]} 9. Qb3 {[%emt 0:00:06]} Qb6 {[%emt 0:14:46]} 10. Qe3+ {[%emt 0:00:13]} Be7 {[%emt 0:00:10]} 11. Nh4 {[%emt 0:00:37]} Bg6 {[%emt 0:01:36]} 12. Nc3 {[%emt 0:00:47]} Qd8 {[%emt 0:02:42]} 13. Nxg6 {[%emt 0:04:04]} hxg6 {[%emt 0:00:16]} 14. Rb1 {[%emt 0:00:37]} O-O {[%emt 0:00:46]} 15. Qd3 {[%emt 0:01:13]} Nb6 {[%emt 0:09:54]} 16. b4 {[%emt 0:05:27]} a6 {[%emt 0:04:42]} 17. a4 {[%emt 0:10:19]} Re8 {[%emt 0:11:42]} 18. Rd1 {[%emt 0:12:16]} Nc8 {[%emt 0:13:27]} 19. a5 {[%emt 0:10:16]} Nd6 {[%emt 0:02:31]} 20. Bf4 {[%emt 0:04:43]} Bf8 {[%emt 0:21:04]} 21. Na4 {[%emt 0:06:34]} Nc4 {[%emt 0:02:16]} 22. Bg5 {[%emt 0:05:11]} Nd6 {[%emt 0:01:36]} 23. Nc5 {[%emt 0:01:31]} Qc8 {[%emt 0:00:20]} 24. Bxf6 {[%emt 0:02:23]} gxf6 {[%emt 0:00:04]} 25. h4 {[%emt 0:02:18]} f5 {[%emt 0:00:54]} 26. Qd2 {[%emt 0:05:03]} Qd8 {[%emt 0:01:25]} 1/2-1/2

[Event "Vienna Chess Open 2019"]
[Site "Vienna"]
[Date "2019.08.23"]
[Round "8.8"]
[White "Morgunov, Marc"]
[Black "Ozen, Deniz"]
[Result "1/2-1/2"]
[WhiteElo "2429"]
[BlackElo "2429"]
[Annotator "NA"]
[PlyCount "44"]
[EventDate "2019.08.17"]
[EventType "swiss"]
[EventCountry "AUT"]
[SourceTitle "playchess.com"]
[Source "ChessBase"]
[SourceQuality "1"]
[TimeControl "40/5400+30:1800+30"]

1. e4 {[%emt 0:00:00]} e6 {[%emt 0:00:00]} 2. d4 {[%emt 0:00:00]} d5 {[%emt 0:00:00]} 3. Nd2 {[%emt 0:00:00]} c5 {[%emt 0:00:00]} 4. exd5 {[%emt 0:00:00]} Qxd5 {[%emt 0:00:04]} 5. Ngf3 {[%emt 0:00:00]} cxd4 {[%emt 0:00:10]} 6. Bc4 {[%emt 0:00:02]} Qd7 {[%emt 0:00:08]} 7. O-O {[%emt 0:00:15]} Nc6 {[%emt 0:00:08]} 8. Nb3 {[%emt 0:00:05]} a6 {[%emt 0:00:11]} 9. a4 {[%emt 0:00:05]} Nf6 {[%emt 0:01:06]} 10. Qe2 {[%emt 0:00:06]} Bd6 {[%emt 0:01:08]} 11. Rd1 {[%emt 0:00:46]} O-O {[%emt 0:00:27]} 12. Nbxd4 {[%emt 0:01:30]} e5 {[%emt 0:00:31]} 13. Nxc6 {[%emt 0:01:08]} Qxc6 {[%emt 0:00:06]} 14. Bg5 {[%emt 0:00:49]} Bc7 {[%emt 0:00:01]} 15. Bxf6 {[%emt 0:00:09]} Qxf6 {[%emt 0:00:08]} 16. Bd5 {[%emt 0:00:03]} Rb8 {[%emt 0:08:53]} 17. Ra3 {[%emt 0:05:36]} Bf5 {[%emt 0:05:02]} 18. Rc3 {[%emt 0:06:39]} Bd6 {[%emt 0:23:27]} 19. Be4 {[%emt 0:11:29]} Bxe4 {[%emt 0:03:24]} 20. Qxe4 {[%emt 0:00:07]} h6 {[%emt 0:08:47]} 21. Rcd3 {[%emt 0:10:39]} Bc7 {[%emt 0:07:37]} 22. Re1 {[%emt 0:14:54]} Rfe8 {[%emt 0:13:29]} 1/2-1/2

[Event "Vienna Chess Open 2019"]
[Site "Vienna"]
[Date "2019.08.23"]
[Round "8.8"]
[White "Subelj, Jan"]
[Black "Pacan-Milej, Kosma"]
[Result "1/2-1/2"]
[WhiteElo "2288"]
[BlackElo "2418"]
[Annotator "NA"]
[PlyCount "98"]
[EventDate "2019.08.17"]
[EventType "swiss"]
[EventCountry "AUT"]
[SourceTitle "playchess.com"]
[Source "ChessBase"]
[SourceQuality "1"]
[TimeControl "40/5400+30:1800+30"]

1. e4 {[%emt 0:00:00]} c5 {[%emt 0:00:00]} 2. Nf3 {[%emt 0:00:00]} d6 {[%emt 0:00:00]} 3. Bb5+ {[%emt 0:00:06]} Nd7 {[%emt 0:00:00]} 4. c3 {[%emt 0:00:14]} Ngf6 {[%emt 0:00:06]} 5. Qe2 {[%emt 0:00:06]} a6 {[%emt 0:00:08]} 6. Ba4 {[%emt 0:00:31]} b5 {[%emt 0:00:19]} 7. Bc2 {[%emt 0:00:07]} e5 {[%emt 0:00:07]} 8. d4 {[%emt 0:01:55]} Be7 {[%emt 0:00:10]} 9. O-O {[%emt 0:03:09]} O-O {[%emt 0:00:10]} 10. Rd1 {[%emt 0:01:35]} Qc7 {[%emt 0:00:19]} 11. b3 {[%emt 0:01:28]} Nb6 {[%emt 0:11:54]} 12. d5 {[%emt 0:13:14]} c4 {[%emt 0:06:03]} 13. h3 {[%emt 0:13:18]} cxb3 {[%emt 0:09:24]} 14. axb3 {[%emt 0:00:10]} Nfd7 {[%emt 0:00:43]} 15. Nfd2 {[%emt 0:10:22]} Nc5 {[%emt 0:01:24]} 16. Nf1 {[%emt 0:00:09]} f5 {[%emt 0:07:05]} 17. exf5 {[%emt 0:02:20]} Bxf5 {[%emt 0:00:17]} 18. Be3 {[%emt 0:01:41]} Bxc2 {[%emt 0:09:34]} 19. Qxc2 {[%emt 0:00:09]} Bh4 {[%emt 0:04:28]} 20. c4 {[%emt 0:03:22]} b4 {[%emt 0:07:16]} 21. Nbd2 {[%emt 0:00:49]} Nbd7 {[%emt 0:01:50]} 22. Ne4 {[%emt 0:07:15]} Nxe4 {[%emt 0:01:59]} 23. Qxe4 {[%emt 0:00:04]} Bd8 {[%emt 0:02:34]} 24. Ng3 {[%emt 0:02:00]} a5 {[%emt 0:06:46]} 25. Qg4 {[%emt 0:03:59]} Kh8 {[%emt 0:03:06]} 26. Ne4 {[%emt 0:14:01]} Nf6 {[%emt 0:00:05]} 27. Qf3 {[%emt 0:00:46]} Nd7 {[%emt 0:03:30]} 28. Qe2 {[%emt 0:00:28]} Rc8 {[%emt 0:04:06]} 29. Rac1 {[%emt 0:02:23]} Qb8 {[%emt 0:00:46]} 30. c5 {[%emt 0:02:15]} dxc5 {[%emt 0:00:13]} 31. Nxc5 {[%emt 0:00:53]} Nxc5 {[%emt 0:00:09]} 32. Bxc5 {[%emt 0:00:05]} Rf7 {[%emt 0:01:14]} 33. Bd6 {[%emt 0:02:20]} Qb7 {[%emt 0:00:38]} 34. Qxe5 {[%emt 0:01:26]} Bb6 {[%emt 0:00:56]} 35. Bc5 {[%emt 0:02:26]} Bxc5 {[%emt 0:00:14]} 36. Rxc5 {[%emt 0:00:07]} Rcf8 {[%emt 0:00:02]} 37. Rdc1 {[%emt 0:02:05]} Qb6 {[%emt 0:00:49]} 38. Qe6 {[%emt 0:04:29]} Qa7 {[%emt 0:00:20]} 39. Qe3 {[%emt 0:02:34]} a4 {[%emt 0:01:10]} 40. bxa4 {[%emt 0:01:12]} Qxa4 {[%emt 0:00:10]} 41. Rc8 {[%emt 0:08:50]} b3 {[%emt 0:01:46]} 42. Qe7 {[%emt 0:03:34]} Qf4 {[%emt 0:02:10]} 43. Qe3 {[%emt 0:00:42]} Qxf2+ {[%emt 0:01:37]} 44. Qxf2 {[%emt 0:00:12]} Rxf2 {[%emt 0:00:02]} 45. d6 {[%emt 0:01:02]} b2 {[%emt 0:03:45]} 46. Rxf8+ {[%emt 0:00:23]} Rxf8 {[%emt 0:00:02]} 47. Rb1 {[%emt 0:00:07]} Rb8 {[%emt 0:00:11]} 48. d7 {[%emt 0:00:05]} Kg8 {[%emt 0:00:05]} 49. Rxb2 {[%emt 0:00:04]} Rd8 {[%emt 0:00:03]} 1/2-1/2

[Event "Vienna Chess Open 2019"]
[Site "Vienna"]
[Date "2019.08.23"]
[Round "8.9"]
[White "Abdumalik, Zhansaya"]
[Black "Gungl, Theo"]
[Result "1-0"]
[WhiteElo "2457"]
[BlackElo "2344"]
[Annotator "ChessBase"]
[PlyCount "67"]
[EventDate "2019.08.17"]
[EventType "swiss"]
[EventCountry "AUT"]
[SourceTitle "playchess.com"]
[Source "ChessBase"]
[SourceQuality "1"]
[TimeControl "40/5400+30:1800+30"]

1. e4 {[%emt 0:00:00]} c5 {[%emt 0:00:00]} 2. Nf3 {[%emt 0:00:00]} d6 {[%emt 0:00:00]} 3. d4 {[%emt 0:00:00]} cxd4 {[%emt 0:00:00]} 4. Nxd4 {[%emt 0:00:00]} Nf6 {[%emt 0:00:00]} 5. Nc3 {[%emt 0:00:15]} a6 {[%emt 0:00:00]} 6. h3 {[%emt 0:00:05]} e6 {[%emt 0:00:00]} 7. g4 {[%emt 0:00:09]} Nfd7 {[%emt 0:00:05]} 8. Be3 {[%emt 0:01:31]} Be7 {[%emt 0:02:07]} 9. Bg2 {[%emt 0:00:49]} Nc6 {[%emt 0:00:20]} 10. h4 {[%emt 0:00:27]} Nde5 {[%emt 0:00:47]} 11. g5 {[%emt 0:01:16]} Nc4 {[%emt 0:03:40]} 12. Bc1 {[%emt 0:00:54]} O-O {[%emt 0:00:29]} 13. b3 {[%emt 0:02:00]} Qa5 {[%emt 0:01:40]} 14. Nxc6 {[%emt 0:00:11]} bxc6 {[%emt 0:22:06]} 15. Qd3 {[%emt 0:07:10]} Ne5 {[%emt 0:01:09]} 16. Qg3 {[%emt 0:00:16]} Qc5 {[%emt 0:12:15]} 17. f4 {[%emt 0:05:31]} Nd7 {[%emt 0:00:31]} 18. Bb2 {[%emt 0:03:01]} f5 {[%emt 0:07:12]} 19. O-O-O {[%emt 0:04:28]} d5 {[%emt 0:09:14]} 20. exd5 {[%emt 0:01:52]} exd5 {[%emt 0:01:13]} 21. Nxd5 {[%emt 0:00:18]} Bd6 {[%emt 0:02:21]} 22. h5 {[%emt 0:02:28]} Rb8 {[%emt 0:10:24]} 23. h6 {[%emt 0:02:36]} g6 {[%emt 0:00:54]} 24. c4 {[%emt 0:08:50]} cxd5 {[%emt 0:04:49]} 25. Rxd5 {[%emt 0:01:26]} Qc7 {[%emt 0:03:32]} 26. Rxd6 {[%emt 0:00:24]} Qxd6 {[%emt 0:00:01]} 27. Bd5+ {[%emt 0:00:09]} Rf7 {[%emt 0:00:07]} 28. Rd1 {[%emt 0:02:30]} Qb4 {[%emt 0:03:21]} 29. Qe3 {[%emt 0:02:24]} Kf8 {[%emt 0:01:48]} 30. Bxf7 {[%emt 0:03:25]} Kxf7 {[%emt 0:00:10]} 31. Re1 {[%emt 0:00:03]} Qxe1+ {[%emt 0:09:42]} 32. Qxe1 {[%emt 0:00:05]} Bb7 {[%emt 0:00:08]} 33. Qd2 {[%emt 0:01:38]} Ke8 {[%emt 0:03:48]} 34. Qd6 {[%emt 0:01:11]} 1-0

[Event "Vienna Chess Open 2019"]
[Site "Vienna"]
[Date "2019.08.23"]
[Round "8.9"]
[White "Kowalski, Igor"]
[Black "Ravi, Teja S."]
[Result "1/2-1/2"]
[WhiteElo "2420"]
[BlackElo "2420"]
[Annotator "NA"]
[PlyCount "45"]
[EventDate "2019.08.17"]
[EventType "swiss"]
[EventCountry "AUT"]
[SourceTitle "playchess.com"]
[Source "ChessBase"]
[SourceQuality "1"]
[TimeControl "40/5400+30:1800+30"]

1. d4 {[%emt 0:00:00]} d5 {[%emt 0:00:00]} 2. c4 {[%emt 0:00:00]} c6 {[%emt 0:00:00]} 3. cxd5 {[%emt 0:00:00]} cxd5 {[%emt 0:00:04]} 4. Nc3 {[%emt 0:00:00]} Nf6 {[%emt 0:00:05]} 5. Bf4 {[%emt 0:00:00]} Nc6 {[%emt 0:00:10]} 6. e3 {[%emt 0:00:00]} Bf5 {[%emt 0:00:20]} 7. Qb3 {[%emt 0:00:04]} Na5 {[%emt 0:00:07]} 8. Qa4+ {[%emt 0:00:04]} Bd7 {[%emt 0:00:06]} 9. Qc2 {[%emt 0:00:03]} e6 {[%emt 0:00:19]} 10. Bd3 {[%emt 0:00:05]} Be7 {[%emt 0:00:41]} 11. Nf3 {[%emt 0:00:10]} Nc6 {[%emt 0:00:40]} 12. a3 {[%emt 0:00:49]} Nh5 {[%emt 0:00:14]} 13. Be5 {[%emt 0:00:51]} f6 {[%emt 0:00:12]} 14. Bg3 {[%emt 0:00:05]} f5 {[%emt 0:00:04]} 15. Ne5 {[%emt 0:04:10]} Nxg3 {[%emt 0:12:30]} 16. Nxc6 {[%emt 0:01:08]} Bxc6 {[%emt 0:00:10]} 17. hxg3 {[%emt 0:00:06]} h5 {[%emt 0:02:39]} 18. Qe2 {[%emt 0:07:48]} h4 {[%emt 0:05:00]} 19. gxh4 {[%emt 0:00:32]} Rxh4 {[%emt 0:00:09]} 20. O-O-O {[%emt 0:00:36]} Bf8 {[%emt 0:06:51]} 21. g3 {[%emt 0:13:42]} Rxh1 {[%emt 0:01:37]} 22. Rxh1 {[%emt 0:00:05]} Qg5 {[%emt 0:03:26]} 23. Rh5 {[%emt 0:15:21]} 1/2-1/2

[Event "Vienna Chess Open 2019"]
[Site "Vienna"]
[Date "2019.08.23"]
[Round "8.9"]
[White "Pfreundt, Jakob"]
[Black "Nielsen, Viktor Haarmark"]
[Result "1/2-1/2"]
[WhiteElo "2410"]
[BlackElo "2410"]
[Annotator "NA"]
[PlyCount "94"]
[EventDate "2019.08.17"]
[EventType "swiss"]
[EventCountry "AUT"]
[SourceTitle "playchess.com"]
[Source "ChessBase"]
[SourceQuality "1"]
[TimeControl "40/5400+30:1800+30"]

1. d4 {[%emt 0:00:00]} d5 {[%emt 0:00:00]} 2. c4 {[%emt 0:00:00]} c6 {[%emt 0:00:19]} 3. Nf3 {[%emt 0:03:32]} Nf6 {[%emt 0:02:52]} 4. Nc3 {[%emt 0:01:18]} e6 {[%emt 0:00:08]} 5. e3 {[%emt 0:01:39]} Nbd7 {[%emt 0:01:32]} 6. Be2 {[%emt 0:02:42]} Bd6 {[%emt 0:01:12]} 7. O-O {[%emt 0:01:27]} O-O {[%emt 0:00:10]} 8. Qc2 {[%emt 0:02:49]} b6 {[%emt 0:05:12]} 9. e4 {[%emt 0:05:08]} Nxe4 {[%emt 0:05:16]} 10. Nxe4 {[%emt 0:00:10]} dxe4 {[%emt 0:00:04]} 11. Qxe4 {[%emt 0:01:20]} Bb7 {[%emt 0:01:20]} 12. Rd1 {[%emt 0:10:13]} Qe7 {[%emt 0:02:10]} 13. Bg5 {[%emt 0:03:57]} f6 14. Bd3 {[%emt 0:03:43]} g6 {[%emt 0:06:18]} 15. Bh6 {[%emt 0:02:13]} Rfe8 {[%emt 0:00:43]} 16. h4 {[%emt 0:26:32]} f5 {[%emt 0:09:23]} 17. Qe2 {[%emt 0:02:36]} c5 {[%emt 0:00:20]} 18. dxc5 {[%emt 0:01:36]} Nxc5 {[%emt 0:01:19]} 19. Bc2 {[%emt 0:01:16]} Bc7 {[%emt 0:18:37]} 20. Ng5 {[%emt 0:02:55]} a5 {[%emt 0:02:39]} 21. b3 {[%emt 0:05:29]} Qf6 {[%emt 0:20:00]} 22. Rab1 {[%emt 0:09:13]} Rad8 {[%emt 0:00:40]} 23. Rxd8 {[%emt 0:04:19]} Rxd8 {[%emt 0:00:20]} 24. Rd1 {[%emt 0:00:08]} Rxd1+ {[%emt 0:02:15]} 25. Qxd1 {[%emt 0:00:07]} Qe5 {[%emt 0:04:14]} 26. g3 {[%emt 0:03:41]} Qc3 {[%emt 0:05:14]} 27. h5 {[%emt 0:03:13]} gxh5 {[%emt 0:03:13]} 28. Nh3 {[%emt 0:01:30]} Qf3 {[%emt 0:01:09]} 29. Qxf3 {[%emt 0:00:24]} Bxf3 {[%emt 0:00:02]} 30. a3 {[%emt 0:01:14]} Kf7 {[%emt 0:02:25]} 31. Ng5+ {[%emt 0:00:32]} Kg6 {[%emt 0:00:20]} 32. Nxf3 {[%emt 0:00:09]} Kxh6 {[%emt 0:00:05]} 33. b4 {[%emt 0:00:46]} axb4 {[%emt 0:00:52]} 34. axb4 {[%emt 0:00:01]} Nb7 {[%emt 0:03:13]} 35. Nd4 {[%emt 0:00:21]} Nd8 {[%emt 0:00:24]} 36. c5 {[%emt 0:01:00]} bxc5 {[%emt 0:01:02]} 37. bxc5 {[%emt 0:00:02]} Kg6 {[%emt 0:01:37]} 38. Nb5 {[%emt 0:00:29]} Bb8 {[%emt 0:01:14]} 39. Bd1 {[%emt 0:00:02]} e5 {[%emt 0:00:57]} 40. Bb3 {[%emt 0:00:06]} Kf6 {[%emt 0:00:29]} 41. Bd5 {[%emt 0:31:06]} e4 {[%emt 0:04:06]} 42. c6 {[%emt 0:00:00]} Ke5 {[%emt 0:02:02]} 43. c7 {[%emt 0:00:00]} Bxc7 {[%emt 0:00:04]} 44. Nxc7 {[%emt 0:00:00]} Kd6 {[%emt 0:00:02]} 45. Bg8 {[%emt 0:00:00]} Kxc7 {[%emt 0:00:03]} 46. Bxh7 {[%emt 0:00:00]} f4 {[%emt 0:00:20]} 47. gxf4 {[%emt 0:00:00]} Kd6 {[%emt 0:00:56]} 1/2-1/2